000 00287nam a22001337a 4500
008 180914b xxu||||| |||| 00| 0 eng d
020 _a9780060914790
041 _aeng
080 _a371
100 _a48
101 _aEDU
245 _aOn Writing Well
_cZinser.W
942 _2udc
_cBK
999 _c47752
_d47752